| 000 | 00370nam a22001337a 4500 | ||
|---|---|---|---|
| 008 | 230620b xxu||||| |||| 00| 0 eng d | ||
| 020 | _a0195219155 | ||
| 082 |
_a324.6 _bUND |
||
| 100 | _cUNDP | ||
| 245 |
_aHuman Development Report 2002 _bDeepening democracy in a fragmented world |
||
| 260 |
_aNewyork _bOxford University Press _c2002 |
||
| 300 | _a277p | ||
| 942 |
_2ddc _cBK |
||
| 999 |
_c1769 _d1769 |
||